MARC

LEADER 00000nam0a2200000 4500
001 260351
005 20231101233454.0
035 |a (RuTPU)RU\TPU\book\283299 
090 |a 260351 
100 |a 20140515d1961 k y0rusy50 ca 
101 1 |a rus  |c eng 
102 |a RU 
105 |a a z 001zy 
200 1 |a Теория резонансных ядерных реакций  |e пер. с англ.  |f Г. Брейт 
210 |a Москва  |c Изд-во иностранной литературы  |d 1961 
215 |a 464 с.  |c ил. 
320 |a Библиогр.: с. 446-461. 
606 1 |a Ядерные реакции  |2 stltpush  |3 (RuTPU)RU\TPU\subj\21730  |9 46682 
610 1 |a теория 
610 1 |a резонансы 
610 1 |a рассеяние 
610 1 |a каналы 
610 1 |a ядра 
610 1 |a электромагнитное излучение 
610 1 |a многочастичные свойства 
610 1 |a функции Грина 
610 1 |a R-матрицы 
610 1 |a формулы 
610 1 |a феноменологические методы 
610 1 |a приложения 
675 |a 539.17  |v 3 
700 1 |a Брейт  |b Г. 
801 1 |a RU  |b 63413507  |c 20140515 
801 2 |a RU  |b 63413507  |c 20140521  |g RCR 
942 |c BK